Guess Who in 3 Words II Quiz Stats

 Plays Quiz Updated Jun 1, 2016

Challenge
Share
Tweet
Embed
Score 0/60 Timer 08:00
15 Plays Today
% Correct
Ringo Starr
89.9%
Jack Sparrow
88.3%
Charles Darwin
88.1%
Coco Chanel
87%
Dr. Seuss
86.3%
Eminem
86.2%
Victoria Beckham
85.7%
Scooby-Doo
85.5%
Amelia Earhart
84.7%
Vincent Van Gogh
84.6%
Bob Marley
84.4%
Sigmund Freud
83.8%
Cher
83%
Caitlyn Jenner
82.9%
Edgar Allan Poe
82.2%
Prince George
82.1%
John Watson
82%
Anne Boleyn
81.7%
Kevin Bacon
80.7%
Dorothy Gale
78.3%
Pablo Picasso
77.7%
Courtney Love
77.2%
Stephen King
75.9%
Joe DiMaggio
74.6%
John Oates
73.8%
Michael Moore
72.6%
Rowan Atkinson
71.3%
Susan B. Anthony
71.1%
Björk
70.9%
Louis Armstrong
70.8%
% Correct
Doctor Octopus
70.4%
k.d. lang
69.5%
Jesse Ventura
65.7%
Johnny Cash
63.7%
Rodney Dangerfield
63.4%
Pete Rose
62%
Monica Seles
61.7%
John Williams
58.7%
Lindsay Vonn
58.5%
Marcel Marceau
58.2%
John Wayne Gacy
56.9%
Paul Newman
56.6%
Peter Sellers
56.3%
Willie Nelson
55.9%
Phil Spector
55.8%
Holden Caulfield
55.3%
John Ratzenberger
53.8%
Andy Kaufman
52.7%
Manti Te'o
51.5%
Shirley Bassey
50.4%
Rod Serling
49.1%
Terry Gilliam
47.6%
Hervé Villechaize
44%
Garrison Keillor
41.6%
Walter Payton
41.1%
Chris Berman
40.3%
Edgar Bergen
38.1%
Roy Campanella
36.6%
Jim Backus
36%
Christo
30.5%

You're not logged in!

Compare scores with friends on all Sporcle quizzes.
Join for Free
OR
Log In

You Might Also Like...

Show Comments

Extras

Top Quizzes Today


Score Distribution

Your Account Isn't Verified!

In order to create a playlist on Sporcle, you need to verify the email address you used during registration. Go to your Sporcle Settings to finish the process.

Report this User

Report this user for behavior that violates our Community Guidelines.

Details: